000 01396nam a2200253Ia 4500
003 Ost
005 20260507075426.0
008 260507s9999||||xx |||||||||||||| ||und||
020 _a9776033952
040 _cfsecg
041 _aara
082 _a352.96
100 _aغنيم، أحمد محمد
_eمؤلف
245 0 _aتخطيطي ومرقبة الانتاج والعمليات :
_bمدخل التحليل الكمى /
_c أحمد محمد غنيم
260 _aالقاهرة:
_bالكمتبة العصرية,
_c2006
300 _a618 صفحة؛
_bإيضاحات ؛
_c25 سم
504 _aببليوغرافيا: ص.607-613
520 _aتخطيط ومراقبة الانتاج والعمليات، التنبؤ بالانتاج، تقدير الاحتياجات من عوامل الانتاج والعمليات، تخطيط المنتجات كما يراها المنتجون، التخطيط الداخلي للمنظمة، تخطيط الطاقة الانتاجية، التخطيط الشامل للانتاج والعمليات، جدولة الانتاج والعمليات، تخطيط ومراقبة المخزون، نظم الرقابة على جودة الانتاج والعمليات
653 _aالتخطيط
653 _aالمراقبة الصناعية
653 _aجودة الإنتاج
653 _aمراقبة الانتاج
942 _cكتاب
999 _c44487
_d44487